000 00927nam a22002777a 4500
001 BR8106122
003 BR-BrBNA
005 20230928091052.0
007 ta
008 230509b bl.||||| |||| 00| 0 por d
040 _aBR-BrBNA
_bpor
_cBiblioteca Nacional de Agricultura
041 _a(Por)
072 _aF60; K50
_b3290
090 _ 3290 BR8106122
100 1 _aDoroso, N.
110 1 _aUniversidade Federal do Parana, Curitiba (Brasil)
_0Tese (Mestrado)
245 1 _aAlguns aspectos estruturais da hemicelulose B do caule da Mimosa bracaatinga Hoehne [bracatinga]
260 3 _aCuritiba, PR (Brasil):
_c1981.
300 _a63 p.
500 _aSummaries (Eng, Por); Bibliography p. 55-63 (99 ref.). (*) Documento disponível na(o) UFPR, Curitiba, PR (Brazil). Biblioteca Central
650 _aCAULE
650 _aBRACATINGA
650 _aHEMICELULOSE
909 _a202309
_bLucia
_c55
_dLucia Elande
942 _cBK
999 _c32058
_d32058